1201 1806 1503 1340 1334 1966 1139 1181 1481 1390 1340 1166 1845 1215 1830 1838 1618 1676 1299 1255 1217 1115 1623 1598 1331 1907 1309 1525 1191 1706 1861 1052 1187 1600 1744 1118 1076 1316 1531 1802 1902 1535 1781 1365 1800 1995 1615 1139 1775 1288 1595 1479 1641 1370 1710 1034 1881 1823 1629 1635 1259 1089 1676 1677 1968 1969 1372 1233 1242 1185 1776 1564 1789 1318 1574 1847 1582 1708 1164 1707 1349 1694 1122 1734 1531 1317 1138 1963 1268 1346 1234 1676 1128 1072 1768 1425 1455 1838 1046 BCNSPRNW ULIB Ver.6.0+V

เปลี่ยนเป็นภาษาไทย

Change to English
 แสดงรายละเอียดบรรณานุกรม
  กลับหน้าหลัก

Brief Record : Get Marc (ISO 2709) : E-mail record : QR code < ปิดหน้าต่าง
LEADER : 00000nam 2200000uu 4500
001    13399124353
003     ULIB
008    150519s2557||||th 000 0 tha d
060  4 ^aWY18.2^bส927
110    ^aกระทรวงสาธารณสุข.^bสำนักงานปลัดกระทรวงสาธารณสุข.^bสถาบันพระบรมราชชนก.^bเครือข่ายวิทยาลัยพยาบาลภาคเหนือ.
245    ^aสาระทบทวนวิชาการพยาบาลบุคคลที่มีปัญหาทางจิต/^cคณาจารย์วิทยาลัยพยาบาลเครือข่ายภาคเหนือ สถาบันพระบรมราชชนก
250    ^aพิมพ์ครั้งที่ 1
260    ^aมปก :^bเครือข่ายวิทยาลัยพยาบาลภาคเหนือ สถาบันพระบรมราชชนก.,^c2557
300    ^a252 หน้า;^b30 ซม.
650    ^aกฎหมายและจรรยาบรรณวิชาชีพการพยาบาล^xสาระทบทวน
650    ^aกฎหมายและจรรยาบรรณวิชาชีพการพยาบาล^xเตรียมสอบ
700 0  ^aสุทธามาศ อนุธาตุ,^eบรรณาธิการ
700 0  ^aเกศกาญจน์ ทันประภัสสร,^eบรรณาธิการ
700 0  ^aสมาภรณ์ เทียนขาว,^eบรรณาธิการ
700 0  ^aภุมรินทร์ อินชัวนี,^eบรรณาธิการ
945    ^p0^l0^i039422
945    ^p0^l0^i039423
945    ^p0^l0^i039424
945    ^p0^l0^i039425
945    ^p0^l0^i039426
945    ^p0^l0^i039427
945    ^p0^l0^i039428
945    ^p0^l0^i039429
945    ^p0^l0^i039430
945    ^p0^l0^i039431
945    ^p0^l0^i039432
945    ^p0^l0^i039433
945    ^p0^l0^i039434
999    ^aเกษร โพธิ์สุวรรณ
รายการนี้ยังไม่มีแท็ก
คุณยังไม่ได้ล็อกอิน คุณสามารถมีกิจกรรมร่วมกับเว็บไซต์ได้ แต่ต้องล็อกอินก่อน ::
  ล็อกอิน

รายการสื่อสารสนเทศ

ลำดับที่ ประเภท เลขเรียก/บาร์โค้ด สถานที่ สถานะ
1. Book การพยาบาล
หนังสือสำรอง
สถานะ=หนังสือสำรอง
WY18.2 ส927 ฉ.1 
  Barcode: 039422
ห้องสมุดวิทยาเขตสวรรค์ประชารักษ์
►หนังสือทั่วไป
บนชั้น
2. Book การพยาบาล
Book การพยาบาล
WY18.2 ส927 ฉ.10 
  Barcode: 039431
ห้องสมุดวิทยาเขตสวรรค์ประชารักษ์
►หนังสือทั่วไป
บนชั้น
3. Book การพยาบาล
Book การพยาบาล
WY18.2 ส927 ฉ.11 
  Barcode: 039432
ห้องสมุดวิทยาเขตสวรรค์ประชารักษ์
►หนังสือทั่วไป
บนชั้น
4. Book การพยาบาล
Book การพยาบาล
WY18.2 ส927 ฉ.12 
  Barcode: 039433
ห้องสมุดวิทยาเขตสวรรค์ประชารักษ์
►หนังสือทั่วไป
ถูกยืม กำหนดส่งวันที่ 7 มีนาคม 2565
  จอง
5. Book การพยาบาล
Book การพยาบาล
WY18.2 ส927 ฉ.13 
  Barcode: 039434
ห้องสมุดวิทยาเขตสวรรค์ประชารักษ์
►หนังสือทั่วไป
บนชั้น
6. Book การพยาบาล
Book การพยาบาล
WY18.2 ส927 ฉ.2 
  Barcode: 039423
ห้องสมุดวิทยาเขตสวรรค์ประชารักษ์
►หนังสือทั่วไป
บนชั้น
7. Book การพยาบาล
Book การพยาบาล
WY18.2 ส927 ฉ.3 
  Barcode: 039424
ห้องสมุดวิทยาเขตสวรรค์ประชารักษ์
►หนังสือทั่วไป
บนชั้น
8. Book การพยาบาล
Book การพยาบาล
WY18.2 ส927 ฉ.4 
  Barcode: 039425
ห้องสมุดวิทยาเขตสวรรค์ประชารักษ์
►หนังสือทั่วไป
บนชั้น
9. Book การพยาบาล
Book การพยาบาล
WY18.2 ส927 ฉ.5 
  Barcode: 039426
ห้องสมุดวิทยาเขตสวรรค์ประชารักษ์
►หนังสือทั่วไป
บนชั้น
10. Book การพยาบาล
Book การพยาบาล
WY18.2 ส927 ฉ.6 
  Barcode: 039427
ห้องสมุดวิทยาเขตสวรรค์ประชารักษ์
►หนังสือทั่วไป
บนชั้น
11. Book การพยาบาล
Book การพยาบาล
WY18.2 ส927 ฉ.7 
  Barcode: 039428
ห้องสมุดวิทยาเขตสวรรค์ประชารักษ์
►หนังสือทั่วไป
บนชั้น
12. Book การพยาบาล
Book การพยาบาล
WY18.2 ส927 ฉ.8 
  Barcode: 039429
ห้องสมุดวิทยาเขตสวรรค์ประชารักษ์
►หนังสือทั่วไป
บนชั้น
13. Book การพยาบาล
Book การพยาบาล
WY18.2 ส927 ฉ.9 
  Barcode: 039430
ห้องสมุดวิทยาเขตสวรรค์ประชารักษ์
►หนังสือทั่วไป
บนชั้น

BibComment


ยังไม่เคยถูกคอมเมนท์

คอมเมนท์ทรัพยากรรายการนี้
  คอมเมนท์: สาระทบทวนวิชาการ..


 Copyright 2026. Bcnsprnw @Library